Statistics for "Big Five" European Soccer Topscorers

Click here to take the quiz!

General Stats

  • This quiz has been taken 63 times
  • The average score is 45 of 78

Answer Stats

LeagueYearPlayerGoals% Correct
Serie A2021Cristiano Ronaldo29
98%
La Liga2015Cristiano Ronaldo48
98%
La Liga2014Cristiano Ronaldo31
98%
La Liga2011Cristiano Ronaldo40
98%
La Liga2019
Lionel Messi
36
98%
La Liga2012Lionel Messi50
98%
La Liga2010Lionel Messi34
98%
La Liga2020Lionel Messi25
98%
La Liga2018Lionel Messi34
98%
La Liga2017Lionel Messi37
98%
La Liga2013Lionel Messi46
98%
La Liga2021Lionel Messi30
98%
Premier League2023Erling Haaland36
94%
La Liga2023Robert Lewandowski23
94%
Bundesliga2021Robert Lewandowski41
94%
Bundesliga2014Robert Lewandowski20
94%
Bundesliga2016Robert Lewandowski30
94%
Bundesliga2019Robert Lewandowski22
94%
Bundesliga2020Robert Lewandowski34
94%
Bundesliga2018Robert Lewandowski29
94%
Bundesliga2022Robert Lewandowski35
94%
Ligue 12022Kylian Mbappé28
88%
Ligue 12021Kylian Mbappé27
88%
Ligue 12020Kylian Mbappé18
88%
Ligue 12019Kylian Mbappé33
88%
Ligue 12023Kylian Mbappé29
88%
Premier League2018Mohamed Salah32
87%
Premier League2022Mohamed Salah23
87%
Premier League2019Mohamed Salah22
87%
Premier League2017Harry Kane29
85%
Premier League2016Harry Kane25
85%
Premier League2021Harry Kane23
85%
Premier League2015Sergio Agüero26
75%
La Liga2016Luis Suárez40
71%
Premier League2014Luis Suárez31
71%
Ligue 12014Zlatan Ibrahimovic26
65%
Serie A2012Zlatan Ibrahimovic28
65%
Ligue 12013Zlatan Ibrahimovic30
65%
Ligue 12016Zlatan Ibrahimovic38
65%
La Liga2022Karim Benzema27
56%
Premier League2019Sadio Mané22
52%
Serie A2022Ciro Immobile27
48%
Serie A2014Ciro Immobile22
48%
Serie A2020Ciro Immobile36
48%
Serie A2018Ciro Immobile29
48%
Premier League2020Jamie Vardy23
48%
Premier League2019Pierre-Emerick Aubameyang22
48%
Bundesliga2017Pierre-Emerick Aubameyang31
48%
Serie A2013Édinson Cavani29
46%
Ligue 12018Édinson Cavani28
46%
Ligue 12017Édinson Cavani35
46%
Premier League2013Robin van Persie26
46%
Premier League2012Robin van Persie30
46%
Premier League2010Didier Drogba29
40%
Serie A2016Gonzalo Higuain36
38%
Premier League2011Carlos Tevez20
37%
Bundesliga2011Mario Gomez28
35%
Serie A2023Victor Osimhen26
35%
Ligue 12020Wissam Ben Yedder18
27%
Bundesliga2010Edin Dzeko22
23%
Ligue 12012Olivier Giroud21
23%
Serie A2018Mauro Icardi29
21%
Serie A2015Mauro Icardi22
21%
Premier League2011Dimitar Berbatov20
19%
Ligue 12015Alexandre Lacazette27
17%
Serie A2019Fabio Quagliarella29
15%
Bundesliga2023Christopher Nkunku16
6%
Bundesliga2023Niclas Füllkrug16
6%
Bundesliga2015Alexander Meier19
4%
Ligue 12012Nene21
4%
Serie A2010Antonio Di Natale29
2%
Serie A2011Antonio Di Natale28
2%
Bundesliga2012Klaas Jan Huntelaar29
2%
Serie A2015Luca Toni22
2%
Ligue 12010Mamadou Niang18
2%
Ligue 12011Moussa Sow25
2%
Bundesliga2013Stefan Kiessling25
2%
Serie A2017Edin Dzenko29
0%

Score Distribution

Percentile by Number Answered

Percent of People with Each Score

Your Score History

You have not taken this quiz